Účtovné a daňové aspekty tichej rezervy podniku

Vybrané postrehy z oblasti tichých rezerv. Účtovné aspekty tichej rezervy.

Saved in:
Bibliographic Details
Main Author: Manová, Eva, 1957-
Other Authors: Simonidesová, Jana, 1968-
Format: Book Chapter
Language:Slovak
Subjects:
Tags: Add Tag
No Tags, Be the first to tag this record!

MARC

LEADER 00000naa a2200000 4500
001 0199315
005 20240502073354.5
041 0 |a slo 
044 |a SK 
245 1 0 |a Účtovné a daňové aspekty tichej rezervy podniku  |c Eva Manová, Jana Simonidesová 
520 |a Vybrané postrehy z oblasti tichých rezerv. Účtovné aspekty tichej rezervy. 
610 2 0 |a rezervy 
610 2 0 |a podnik 
610 2 0 |a účtovníctvo 
610 2 0 |a dane 
610 2 0 |a rezervy podnikové 
100 1 |a Manová, Eva, 1957- 
700 1 |a Simonidesová, Jana, 1968-